| 000 | 00435nam a22001817a 4500 | ||
|---|---|---|---|
| 003 | CEME | ||
| 005 | 20210628202017.0 | ||
| 008 | 210223b xxu||||| |||| 00| 0 eng d | ||
| 020 | _a0-7494-2963-1 | ||
| 040 | _c. | ||
| 082 | _a658.4093 CLE | ||
| 100 |
_aClegg, Brian _957864 |
||
| 245 | _aInstant time management | ||
| 260 |
_aUSA _bKOGAN PAGE _c1999 |
||
| 300 | _aVIII,119P | ||
| 650 |
_aTIME MANAGEMENT _97064 |
||
| 942 |
_cBK _2ddc |
||
| 999 |
_c568108 _d568108 |
||